000 01286cam a22003134a 4500
999 _c6210
_d6210
001 12538773
003 OSt
005 20191105170205.0
008 010919s2002 nyua b 001 0 eng
010 _a 2001043867
020 _a9780521675659
040 _aDLC
_cDLC
_dDLC
042 _apcc
082 0 0 _a572.3
_bTIP 2002
100 1 _aTipping, Edward,
_912782
245 1 0 _aCation binding by Humic Substances
250 _a1st ed.
260 _aNew York :
_bCambridge University Press,
_c2002.
300 _ax, 434 p. :
_bill. ;
_c26 cm.
440 0 _aCambridge environmental chemistry series
_912783
504 _aIncludes bibliographical references and index.
650 0 _aWaste management
_912784
856 4 2 _3Publisher description
_uhttp://www.loc.gov/catdir/description/cam022/2001043867.html
856 4 1 _3Table of contents
_uhttp://www.loc.gov/catdir/toc/cam022/2001043867.html
856 4 2 _3Contributor biographical information
_uhttp://www.loc.gov/catdir/enhancements/fy0731/2001043867-b.html
906 _a7
_bcbc
_corignew
_d1
_eocip
_f20
_gy-gencatlg
942 _2ddc
_cO_SHELF